| 000 | 01002cam a2200277 a 4500 | ||
|---|---|---|---|
| 999 |
_c10097 _d10097 |
||
| 001 | 4924349 | ||
| 003 | OSt | ||
| 005 | 20191224150610.0 | ||
| 008 | 950315s1995 maua b 001 0 eng | ||
| 010 | _a 95013032 | ||
| 020 | _a9788120313590 | ||
| 040 |
_aDLC _cDLC _dDLC |
||
| 050 | 0 | 0 |
_aHB172.5 _b.T785 1995 |
| 082 | 0 | 0 |
_a339 _220 _bTUR/M |
| 100 |
_a Turnovsky, Stephen J _9749 |
||
| 245 | 1 | 0 |
_aMethods of macroeconomic dynamics / _cStephen J. Turnovsky. |
| 260 |
_aCambridge, Mass. : _bMIT Press, _cc1995. |
||
| 300 |
_axiv, 535 p. : _bill. ; _c26 cm. |
||
| 504 | _aIncludes bibliographical references (p. [511]-525) and indexes. | ||
| 650 | 0 | _aMacroeconomics. | |
| 650 | 0 |
_aMacroeconomics _xMathematical models. |
|
| 650 | 0 | _aStatics and dynamics (Social sciences) | |
| 906 |
_a7 _bcbc _corignew _d1 _eocip _f19 _gy-gencatlg |
||
| 942 |
_2ddc _cBK _h339 _iTUR/M _k339 _mTUR/M |
||